005560000a2200145000450024501280000065000280012865000090015665000250016565000200019065100550021004100140026570000230027910000380030277300700034010aCambios estacionales en la distribución de la avifauna terrestre en el Parque Nacional Natural Macuira, Guajira, Colombia14aBosques nublados enanos14aAves14aEstructura trófica14aUso del habitat 4lParque Nacional Natural MacuiradGuajirapColombia0 aEspañol1 aMejía, Carlos A.1 aAndrade Pérez, Germán Ignacio1 tTrianea: Acta Científica y Tecnológica3159h2q145-169d1988